<?xml version="1.0" encoding="UTF-8"?><?xml-stylesheet type="text/xsl" href="static/style.xsl"?><OAI-PMH xmlns="http://www.openarchives.org/OAI/2.0/" xmlns:xsi="http://www.w3.org/2001/XMLSchema-instance" xsi:schemaLocation="http://www.openarchives.org/OAI/2.0/ http://www.openarchives.org/OAI/2.0/OAI-PMH.xsd"><responseDate>2026-04-27T21:34:27Z</responseDate><request verb="GetRecord" identifier="oai:uvadoc.uva.es:10324/14901" metadataPrefix="marc">https://uvadoc.uva.es/oai/request</request><GetRecord><record><header><identifier>oai:uvadoc.uva.es:10324/14901</identifier><datestamp>2021-06-29T11:36:38Z</datestamp><setSpec>com_10324_38</setSpec><setSpec>col_10324_852</setSpec></header><metadata><record xmlns="http://www.loc.gov/MARC21/slim" xmlns:doc="http://www.lyncode.com/xoai" xmlns:xsi="http://www.w3.org/2001/XMLSchema-instance" xmlns:dcterms="http://purl.org/dc/terms/" xsi:schemaLocation="http://www.loc.gov/MARC21/slim http://www.loc.gov/standards/marcxml/schema/MARC21slim.xsd">
<leader>00925njm 22002777a 4500</leader>
<datafield tag="042" ind1=" " ind2=" ">
<subfield code="a">dc</subfield>
</datafield>
<datafield tag="720" ind1=" " ind2=" ">
<subfield code="a">Domingo Delgado, Elia</subfield>
<subfield code="e">author</subfield>
</datafield>
<datafield tag="260" ind1=" " ind2=" ">
<subfield code="c">2015</subfield>
</datafield>
<datafield tag="520" ind1=" " ind2=" ">
<subfield code="a">El proceso de adquisición de una segunda lengua debe ir acompañado de una correcta metodología y actividades adecuadas a las necesidades de nuestro alumnado que sigan el enfoque comunicativo y el enfoque por tareas. Sin embargo, el actual sistema educativo no logra despertar el interés y la motivación del alumnado por su aprendizaje y no se alcanzan los objetivos esperados en competencia comunicativa de una lengua extranjera al finalizar la educación obligatoria.&#xd;
El presente Trabajo de Fin de Grado, tomando como punto de partida la situación actual de globalización, contacto intercultural e internacional y el desarrollo de las tecnologías de la información y la comunicación, propone una propuesta de intervención basada en el enfoque comunicativo y el enfoque por tareas. Una propuesta didáctica que despierte el entusiasmo del alumnado e incremente la importancia que le otorgan al aprendizaje del inglés, acercando dicho proceso a las experiencias más cercanas de nuestro alumnado.</subfield>
</datafield>
<datafield tag="024" ind2=" " ind1="8">
<subfield code="a">http://uvadoc.uva.es/handle/10324/14901</subfield>
</datafield>
<datafield ind1=" " ind2=" " tag="653">
<subfield code="a">[Pendiente de asignar]</subfield>
</datafield>
<datafield tag="245" ind1="0" ind2="0">
<subfield code="a">Proyectos de colaboración entre centros educativos a través de entornos virtuales de comunicación (e-learning)</subfield>
</datafield>
</record></metadata></record></GetRecord></OAI-PMH>